| 000 | 00715nam#a2200253#c#4500 | ||
|---|---|---|---|
| 003 | IEF | ||
| 005 | 20180219160722.0 | ||
| 008 | 010608s1980 uuu####fr####| 0||u| SPA|u | ||
| 017 | _aM 26710-1980 | ||
| 020 | _a8434001446 | ||
| 040 | _aIEF | ||
| 041 | _aSPA | ||
| 110 | 2 |
_aEspaña. Consejo de Estado _932365 |
|
| 245 |
_aRecopilación de doctrina legal 1972 - 1973 _cConsejo de Estado |
||
| 260 |
_aMadrid _b Boletin Oficial del Estado [BOE] _c1980 |
||
| 300 |
_a646 p. _c20 cm. |
||
| 490 | _aPublicaciones del Consejo de Estado: 1. Documentos, n. 30 | ||
| 650 | 4 |
_aESPAÑA _941092 |
|
| 650 | 4 |
_aCONSEJO DE ESTADO _939592 |
|
| 650 | 4 |
_aDICTAMENES _942695 |
|
| 942 | _cLIB | ||
| 942 | _z97730 | ||
| 999 |
_c58853 _d58853 |
||